[Event "7th Africa-ch"]
[Site "Tripoli LBA"]
[Date "2009.07.30"]
[Round "9"]
[White "Kobese, Watu"]
[Black "Sarwat, Walaa"]
[Result "1/2-1/2"]
[WhiteElo "2391"]
[BlackElo "2390"]
[EventDate "2009.07.21"]
[PlyCount "180"]

1.e4 e5 2.Nf3 Nc6 3.Bb5 a6 4.Ba4 Nf6 5.O-O Be7 6.Re1 b5 7.Bb3 d6 8.c3 O-O 
9.h3 Nb8 10.d4 Nbd7 11.Nbd2 Bb7 12.Bc2 Re8 13.a4 Bf8 14.Bd3 c6 15.b3 g6 
16.Bf1 Qc7 17.Bb2 Bg7 18.Qc2 d5 19.c4 Nxe4 20.cxd5 Nxd2 21.Nxd2 bxa4 22.
Rec1 axb3 23.Nxb3 c5 24.d6 Qxd6 25.dxc5 Qb8 26.Na5 Bd5 27.c6 Nf8 28.Rd1 
Be6 29.Ba3 e4 30.Rab1 Qe5 31.Nb7 e3 32.Nd6 Bf5 33.Nxf5 gxf5 34.Bd6 Qa5 35.
c7 Be5 36.fxe3 Rac8 37.Rb7 Bxd6 38.Rxd6 Qe5 39.Rxa6 Ne6 40.Rc6 Qxe3+ 41.
Qf2 Qxf2+ 42.Kxf2 Kg7 43.Bc4 Kf6 44.Bxe6 fxe6 45.Kf3 Re7 46.Kf4 Rd7 47.Ke3
Ke5 48.Rb5+ Kf6 49.Rbc5 h6 50.Rc4 Ke7 51.Kf4 Kf6 52.R4c5 Rd4+ 53.Ke3 Rd7 
54.g4 fxg4 55.hxg4 Rg7 56.Kf4 Ke7 57.Rc1 Kd7 58.Ra6 Rg6 59.Ra7 Rg5 60.Rh1 
Rg6 61.Rd1+ Ke7 62.Rb7 Rg5 63.Re1 Kd7 64.Rd1+ Ke7 65.Rc1 Kd7 66.Rb6 Rg6 
67.Kf3 Rxc7 68.Rxc7+ Kxc7 69.Rb1 Kd6 70.Kf4 e5+ 71.Kf3 Rf6+ 72.Ke3 Kd5 73.
Rb5+ Ke6 74.Rb6+ Kf7 75.Rb7+ Kg6 76.Ke4 Re6 77.Rb8 Kg5 78.Rg8+ Rg6 79.Rf8 
Kxg4 80.Kxe5 h5 81.Rf1 Ra6 82.Rg1+ Kf3 83.Rf1+ Kg2 84.Rf8 h4 85.Rg8+ Kf2 
86.Rf8+ Ke2 87.Kf4 Rh6 88.Kg4 h3 89.Kg3 h2 90.Rf2+ Ke3 1/2-1/2

[Event "7th Africa-ch"]
[Site "Tripoli LBA"]
[Date "2009.07.30"]
[Round "9"]
[White "Njili, Kamel"]
[Black "Ranaivoharisoa, Alain"]
[Result "1-0"]
[WhiteElo "2318"]
[BlackElo "2083"]
[EventDate "2009.07.21"]
[PlyCount "94"]

1.e4 c5 2.Nf3 Nc6 3.d4 cxd4 4.Nxd4 Nf6 5.Nc3 e5 6.Ndb5 d6 7.Nd5 Nxd5 8.
exd5 Nb8 9.c4 Be7 10.Bd3 O-O 11.O-O f5 12.f4 a6 13.Nc3 e4 14.Be2 Qb6+ 15.
Kh1 Nd7 16.Na4 Qc7 17.Be3 b6 18.Rc1 Rb8 19.b4 Qd8 20.c5 bxc5 21.bxc5 Nxc5 
22.Nxc5 dxc5 23.Bxc5 Bxc5 24.Rxc5 Rb6 25.Bc4 Kh8 26.Qd4 Qd6 27.Bb3 Bd7 28.
g3 Rb5 29.Rfc1 Rxc5 30.Qxc5 Qf6 31.Qc3 Qb6 32.Qc5 Qf6 33.Rc3 g6 34.Qb4 Re8
35.Re3 Rc8 36.Kg2 Qb2+ 37.Kh3 Bb5 38.Qe7 Re8 39.Qf7 Bf1+ 40.Kh4 g5+ 41.Kh5
Rg8 42.Bc2 Bb5 43.Rb3 Qd4 44.Rxb5 axb5 45.Qxf5 gxf4 46.Bxe4 Qg7 47.gxf4 
Qg1 1-0

[Event "7th Africa-ch"]
[Site "Tripoli LBA"]
[Date "2009.07.30"]
[Round "9"]
[White "Wageih, Kareim"]
[Black "Van den Heever, Donovan"]
[Result "0-1"]
[WhiteElo "2253"]
[BlackElo "2254"]
[EventDate "2009.07.21"]
[PlyCount "90"]

1.d4 d5 2.Nf3 Nf6 3.e3 c5 4.c3 Qb6 5.Bd3 Nc6 6.h3 g6 7.O-O Bg7 8.Nbd2 O-O 
9.dxc5 Qxc5 10.e4 dxe4 11.Nxe4 Nxe4 12.Bxe4 Be6 13.Be3 Qb5 14.Qc1 Rfd8 15.
a4 Qh5 16.Ng5 Bd5 17.Qd1 Qxd1 18.Rfxd1 Bxe4 19.Nxe4 b6 20.Kf1 Na5 21.Nd2 
f5 22.Ke2 Kf7 23.b4 Nc6 24.b5 Na5 25.Rac1 Rac8 26.c4 Bd4 27.Nf3 Bxe3 28.
Rxd8 Rxd8 29.Kxe3 Kf6 30.Rc2 Rc8 31.Nd2 e5 32.Kd3 Rd8+ 33.Kc3 Rd4 34.Kb4 
e4 35.Nb3 Nxb3 36.Kxb3 f4 37.c5 bxc5 38.Rxc5 e3 39.fxe3 fxe3 40.Rc8 Re4 
41.Rc1 Ke5 42.a5 e2 43.Re1 Kd4 44.b6 axb6 45.axb6 Kd3 0-1

[Event "7th Africa-ch"]
[Site "Tripoli LBA"]
[Date "2009.07.30"]
[Round "9"]
[White "Zaibi, Amir"]
[Black "Niazi, Nehad"]
[Result "1-0"]
[WhiteElo "2123"]
[BlackElo "2237"]
[EventDate "2009.07.21"]
[PlyCount "99"]

1.e4 c6 2.d4 d5 3.exd5 cxd5 4.Bd3 Nc6 5.c3 Nf6 6.Bf4 g6 7.Nd2 Bg7 8.h3 O-O
9.Ngf3 a6 10.O-O Bf5 11.Bxf5 gxf5 12.Ne5 Nxe5 13.Bxe5 e6 14.Re1 Kh8 15.a4 
Rg8 16.a5 Ne4 17.Bxg7+ Rxg7 18.Nxe4 fxe4 19.Qh5 Qe7 20.Kh1 Rag8 21.Rg1 f5 
22.Qh6 Rg5 23.Qh4 Qg7 24.g3 Qg6 25.Qf4 h6 26.Ra3 Rg7 27.Kg2 Kh7 28.Rb3 h5 
29.Kh2 Qe8 30.Rb6 R5g6 31.Ra1 h4 32.Rg1 Qe7 33.Rg2 Qf6 34.Rg1 Qf7 35.Rg2 
Rh6 36.gxh4 Rhg6 37.Rg5 Qe7 38.Rh5+ Kg8 39.Rg5 Rxg5 40.hxg5 Qxg5 41.Qxg5 
Rxg5 42.Rxe6 f4 43.h4 Rg7 44.Re5 f3 45.Rg5 Rxg5 46.hxg5 Kf7 47.Kg3 Kg6 48.
Kf4 Kh5 49.b3 Kg6 50.c4 1-0